A transzatlanti gazdasági kapcsolatok és változások a Trump érában

Bibliográfiai részletek
Szerző: Baglady Herman Barnabás
További közreműködők: Szilagyi Dr. Judit
Novák Dr. Tamás
Dokumentumtípus: Diplomadolgozat
Kulcsszavak:Transzatlanti Együttműködés
Donald Trump
USA
Online Access:http://dolgozattar.uni-bge.hu/20527

MARC

LEADER 00000nta a2200000 i 4500
001 dolg20527
005 20200218125413.0
008 190508suuuu hu om 000 hun d
040 |a BGE Dolgozattár Repozitórium  |b hun 
041 |a hu 
100 1 |a Baglady Herman Barnabás 
245 1 2 |a A transzatlanti gazdasági kapcsolatok és változások a Trump érában  |c Baglady Herman Barnabás  |h [elektronikus dokumentum] 
695 |a Transzatlanti Együttműködés 
695 |a Donald Trump 
695 |a USA 
700 1 |a Szilagyi Dr. Judit  |e ths 
700 1 |a Novák Dr. Tamás  |e ths 
856 4 0 |u http://dolgozattar.uni-bge.hu/20527/4/Szakdolgozat%202019%20Baglady%20Herman%20Barnab%C3%A1s%20%281%29.pdf  |z Dokumentum-elérés